[Event "74th South Island Chess Championship"]
[Site "Oamaru NZL"]
[Date "2023.09.30"]
[Round "8.18"]
[White "Ashe, Michael"]
[Black "Loos, Rick"]
[Result "1-0"]
[WhiteElo "1707"]
[BlackElo "1602"]

1. d4 Nf6 2. c4 c5 3. d5 d6 4. Nc3 e6 5. e4 exd5 6. cxd5 Be7 7. Nf3 Bg4 8. Be2
O-O 9. Nd2 Bxe2 10. Qxe2 a6 11. a4 Re8 12. O-O Nfd7 13. Nc4 Ne5 14. Nxe5 dxe5
15. Be3 Nd7 16. a5 Rc8 17. Qc4 Bg5 18. Bxg5 Qxg5 19. Kh1 Kh8 20. Ne2 Qe7 21.
Ng3 g6 22. Rfc1 h5 23. Nf1 Qh4 24. Ng3 Qf6 25. Ra3 Kg7 26. Rf3 Qd6 27. Qe2 Nf6
28. h3 Nh7 29. Qd2 Nf6 30. Qg5 Rh8 31. Nf5+ 1-0

[Event "74th South Island Chess Championship"]
[Site "Oamaru NZL"]
[Date "2023.09.30"]
[Round "8.19"]
[White "Moshakova, Elena"]
[Black "Tao, Junqing Jerome"]
[Result "0-1"]
[WhiteElo "1546"]
[BlackElo "1634"]

1. e4 e5 2. Nf3 Nc6 3. Bc4 Bc5 4. c3 Nf6 5. d4 exd4 6. e5 d5 7. Bb5 Ne4 8. cxd4
Bb4+ 9. Bd2 Nxd2 10. Nbxd2 O-O 11. O-O Bg4 12. Bxc6 bxc6 13. Qc2 Qd7 14. Rac1
Rab8 15. a3 Bxd2 16. Nxd2 Rb6 17. b4 Re8 18. Nb3 Qe7 19. Qc5 Qg5 20. Rc3 Re6
21. b5 Be2 22. f4 Qd8 23. Rfc1 Bxb5 24. Rh3 Rg6 25. Qc2 h6 26. f5 Rg4 27. f6
Ba4 28. Qf5 Rg5 29. Qf4 Rxb3 30. Rxb3 Bxb3 31. fxg7 Qd7 32. Rc3 Bc4 33. Rf3
Rxg7 34. Qxh6 Qg4 35. Rf2 Qd1+ 0-1

[Event "74th South Island Chess Championship"]
[Site "Oamaru NZL"]
[Date "2023.09.30"]
[Round "8.20"]
[White "Williams, Matt"]
[Black "Lee, Dylan E S"]
[Result "0-1"]
[WhiteElo "1828"]
[BlackElo "1192"]

1. d4 d5 2. Nc3 Nf6 3. Bf4 e6 4. Nb5 Na6 5. e3 Be7 6. Nf3 O-O 7. Bd3 c6 8. Nc3
c5 9. Bxa6 bxa6 10. O-O Bd7 11. Ne5 Be8 12. g4 Rc8 13. Qe2 cxd4 14. exd4 Qb6
15. g5 Nd7 16. Nxd7 Bxd7 17. Nxd5 Qd8 18. Nxe7+ Qxe7 19. Qd2 Bc6 20. f3 Qb7 21.
Qf2 Qxb2 22. h4 Bb5 23. Rfc1 Rc4 24. Rab1 Qxa2 25. Bd6 Re8 26. Bc5 Qa5 27. h5
Qc7 28. f4 Bc6 29. Qe3 Ba8 30. Kh2 Qc6 31. Qf2 Qe4 32. Rb3 Qf5 33. h6 e5 34.
Kg3 exd4 35. Bxd4 gxh6 36. gxh6 Rc6 37. Rg1 Kf8 38. Bg7+ Kg8 39. Kh4 Rxc2 40.
Bc3+ Kf8 41. Qg3 Rxc3 42. Rxc3 Qf6+ 43. Kh5 Qg6+ 44. Qxg6 fxg6+ 45. Rxg6 hxg6+
0-1

[Event "74th South Island Chess Championship"]
[Site "Oamaru NZL"]
[Date "2023.09.30"]
[Round "8.21"]
[White "Gudoy, Paul"]
[Black "Keeling, Roy L"]
[Result "1/2-1/2"]
[WhiteElo "1382"]
[BlackElo "1540"]

1. d4 Nf6 2. Bg5 e6 3. e3 Be7 4. Bd3 d5 5. Nd2 Nbd7 6. Bxf6 Nxf6 7. f4 c5 8. c3
a6 9. Ngf3 cxd4 10. exd4 b5 11. Ne5 Bb7 12. O-O b4 13. Qa4+ Nd7 14. Ndf3 Qc7
15. Nxd7 Qxd7 16. Qxd7+ Kxd7 17. Ne5+ Ke8 18. Bc2 Rc8 19. Ba4+ Kf8 20. f5 Bf6
21. Nd7+ Ke7 22. Nxf6 gxf6 23. cxb4 Rc7 24. Bb3 Rhc8 25. h3 Bc6 26. a4 Kd6 27.
fxe6 Kxe6 28. Rae1+ Kd6 29. Rxf6+ Kd7 30. Rxf7+ Kd8 31. Rf8+ Kd7 32. Ref1 Rxf8
33. Rxf8 Kd6 34. Bd1 Re7 35. Kf2 Re4 36. Rf6+ Kc7 37. Rf7+ Kb6 38. Rxh7 Rxd4
39. Ke1 Rxb4 40. b3 Re4+ 41. Kd2 a5 42. Bf3 Re5 43. Rh6 Kc5 44. Kd3 Re1 45. Kd2
Re5 46. Rh5 Kd6 47. Kc3 Kc5 48. Kd3 Re1 49. Kc2 Re5 1/2-1/2

[Event "74th South Island Chess Championship"]
[Site "Oamaru NZL"]
[Date "2023.09.30"]
[Round "8.25"]
[White "Frith, Hunter"]
[Black "Blair, Rowan"]
[Result "1/2-1/2"]
[WhiteElo "1343"]
[BlackElo "1436"]

1. d4 d5 2. Nc3 Nf6 3. Bf4 Bf5 4. Nb5 Qd7 5. Nxc7+ Kd8 6. Nxa8 Nc6 7. Bc7+ Ke8
8. Bf4 Qc8 9. Nc7+ Kd8 10. Nf3 e6 11. Nb5 a6 12. Ng5 Qd7 13. Bd6 axb5 14. Bxf8
Rxf8 15. Qd2 h6 16. O-O-O hxg5 17. Qxg5 Kc8 18. Qxg7 Qe7 19. Qg3 Ne4 20. Qe3
Qd8 21. f3 Qg5 22. Qxg5 Nxg5 23. g4 Bg6 24. h4 Nh7 25. h5 Bxh5 26. gxh5 Kc7 27.
e3 Rh8 28. Bxb5 Nb4 29. Kb1 Ng5 30. f4 Ne4 31. Rhf1 Ng3 32. a3 Kb6 33. Rh1 Nxh1
34. Rxh1 Kxb5 35. axb4 Kxb4 36. c3+ Kb3 37. h6 Rh7 38. Re1 Rxh6 39. c4 dxc4 40.
e4 Rh2 41. Re3+ c3 42. Rxc3+ Kb4 43. d5 exd5 44. exd5 Rd2 45. Rc7 Rxd5 46.
Rxb7+ Kc4 47. Kc2 Rf5 48. b3+ Kd4 49. Rd7+ Ke4 50. b4 Kxf4 51. Kc3 Ke4 52. Rd4+
Ke3 53. Kc4 Rf2 54. b5 Rc2+ 55. Kd5 Rc8 56. Rc4 Rd8+ 57. Kc6 Rc8+ 58. Kd5 Rd8+
59. Kc5 Rc8+ 60. Kb4 Rb8 61. Rc7 f5 62. Kc5 f4 63. b6 f3 64. Rh7 Rc8+ 65. Kd6
Rd8+ 66. Kc7 Re8 67. b7 f2 68. Rh1 Ke2 69. Kd7 Rg8 70. Ra1 f1=Q 71. Rxf1 Kxf1
72. Kc7 Rg7+ 73. Kb8 Rxb7+ 74. Kxb7 1/2-1/2